Making literature matter : (Record no. 53654)

MARC details
000 -LEADER
fixed length control field 00745nam a22002057a 4500
008 - FIXED-LENGTH DATA ELEMENTS--GENERAL INFORMATION
fixed length control field 181018b xxu||||| |||| 00| 0 eng d
020 ## - INTERNATIONAL STANDARD BOOK NUMBER
International Standard Book Number 9780312474911
050 ## - LIBRARY OF CONGRESS CALL NUMBER
Classification number PE1417
Item number .M37 2009
100 ## - MAIN ENTRY--PERSONAL NAME
Personal name Schilb, John
245 ## - TITLE STATEMENT
Title Making literature matter :
Remainder of title an anthology for readers and writers /
Statement of responsibility, etc [edited by] John Schilb, John Clifford
260 ## - PUBLICATION, DISTRIBUTION, ETC. (IMPRINT)
Place of publication, distribution, etc Boston, MA :
Name of publisher, distributor, etc Bedford/St. Martins,
Date of publication, distribution, etc 2009
300 ## - PHYSICAL DESCRIPTION
Extent xxix, 1648 p., [8] pages of plates :
Other physical details ill.
Dimensions 25cm.
650 ## - SUBJECT ADDED ENTRY--TOPICAL TERM
Topical term or geographic name as entry element College readers
650 ## - SUBJECT ADDED ENTRY--TOPICAL TERM
Topical term or geographic name as entry element English language
Form subdivision Problems, exercises, etc
General subdivision Rhetoric
650 ## - SUBJECT ADDED ENTRY--TOPICAL TERM
Topical term or geographic name as entry element Academic writing
Form subdivision Problems, exercises, etc
650 ## - SUBJECT ADDED ENTRY--TOPICAL TERM
Topical term or geographic name as entry element American literature
650 ## - SUBJECT ADDED ENTRY--TOPICAL TERM
Topical term or geographic name as entry element English literature
700 ## - ADDED ENTRY--PERSONAL NAME
Personal name Clifford, John,
942 ## - ADDED ENTRY ELEMENTS (KOHA)
Source of classification or shelving scheme Library of Congress Classification
Item type Book
Holdings
Withdrawn status Lost status Source of classification or shelving scheme Damaged status Not for loan Collection code Home library Current library Shelving location Date acquired Source of acquisition Cost, normal purchase price Total Checkouts Full call number Barcode Copy number Price effective from Koha item type
    Library of Congress Classification     Non-fiction Nairobi Campus Nairobi Campus General Circulation 18/10/2018 donation-BFA 2000.00   PE1417 .M37 2009 060306 1 18/10/2018 Book